| 000 | 01029nam a2200277 a 4500 | ||
|---|---|---|---|
| 001 | BRCA_116 | ||
| 005 | 20190320202903.0 | ||
| 008 | 931204s1991 mx-a---##b---#000-0bspa-d | ||
| 040 |
_aNjPT _cNjPT _dDLC |
||
| 041 | _aspa | ||
| 044 | _amx | ||
| 050 | 4 |
_aBX4705.P3 _b.P37 1991 |
|
| 100 | 1 |
_aGarcía, Genaro _d1867-1920 _9453 |
|
| 245 | 1 | 0 |
_aDon Juan de Palafox y Mendoza, obispo de Puebla y Osma _bvisitador y virrey de la Nueva España _cGenaro García. |
| 260 |
_aPuebla _bGobierno del Estado de Puebla _c1991 |
||
| 300 |
_aix, 426 p. _bil. _c23 cm. |
||
| 500 | _aIncluye apéndice sobre la vida de la infanta de las descalzas | ||
| 500 | _aFacsímil de: México : Librería de Bouret, 1918 | ||
| 504 | _aBibliografía: p. [319]-423 | ||
| 600 | 1 | 4 |
_aPalafox y Mendoza, Juan de _cObispo _d1600-1659 _9454 |
| 610 | 2 | 4 |
_aJesuitas _vBiografías _zMéxico _9455 |
| 610 | 2 | 4 |
_aIglesia católica _xObispos _9456 |
| 650 | 1 | 4 |
_aVirreyes _vBiografías _zMéxico _9457 |
| 651 | 4 |
_aMéxico _xIglesia católica _ySiglo XVII _9458 |
|
| 942 |
_2lcc _cB |
||
| 999 |
_c101 _d101 |
||